| 000 | 00663aas a2200217 4500 | ||
|---|---|---|---|
| 999 |
_c3773 _d3773 |
||
| 003 | BR-BrBNA | ||
| 005 | 20230317233910.0 | ||
| 007 | ta | ||
| 008 | 230119b bl ||||| |||| 00| 0 por d | ||
| 035 | _a000485-5 | ||
| 040 |
_aBR-BrBNA _bPor _cBR-BrBNA |
||
| 042 | _aN | ||
| 044 | _abl | ||
| 245 | _aSérie Relatórios - Empresa de Assistência Técnica e Extensão Rural do Estado de Sergipe (Brazil) | ||
| 260 |
_aAracaju-SE _bEmpresa de Assistência Técnica e Extensão Rural do Estado de Sergipe _c1980 _eBSE |
||
| 270 | _aCaixa Postal, 297 - Cep: 49.000-Aracajú-SE | ||
| 310 | _aanual | ||
| 505 | _a1980-82 (1-3); | ||
| 909 |
_a56 _bSergio Santos _c56 _dSergio Santos |
||
| 942 |
_cCR _2AGRIS |
||